00942nam a2200253 a 4500001000200000003000900002005001700011007000200028008003000030020001800060040002200078082003000100100003500130245013300165250001300298260006000311300002000371490002700391500007400418600003600492651004900528700005100577710006000628 DO-SdBNP20220126094103.0 150213b2009 dr spa d a9789945020626 aBPMSUbspacBPMSU a923.27293bD812J 20092221 aJimenes Grullón, Juan Isidro13aLa ideología revolucionaria de Juan Pablo Duarte /cJuan Isidro Jimenes Grullón; presentación Reina C. Rosario Fernández a4a. ed.  aSanto Domingo :bArchivo General de la Nación, c2009 a69 p. ;c23 cm.0 aCuaderno populares,v1 3Incluye referencias bibliográficas y notas al pie de las páginas 14aDuarte, Juan Pablo, d1813-1876 4aRepública Dominicana xHistoriay1844-19301 aRosario Fernández, Reina C.ePresentación 2 aArchivo General de la Nación (República Dominicana)